000 00293nam a2200109Ia 4500
008 171211s9999 xx 000 0 und d
245 _aPleistocene Mammals of Europe
245 _cBjorn Kurten
260 _c2007
650 _xBiology
856 _uhttp://down.ebook777.com/062/9780202309538.pdf
999 _c350402
_d350402